National Olympic Committees - Statistics

General Stats
  • This quiz has been taken 29 times
    26 since last reset
  • The average score is 169 of 206
Answer Stats
Answer % Correct
Afghanistan
94%
Albania
94%
Andorra
94%
Australia
94%
Austria
94%
Belarus
94%
Belgium
94%
Canada
94%
China
94%
Croatia
94%
Finland
94%
France
94%
Great Britain
94%
Greece
94%
Hungary
94%
Iceland
94%
India
94%
Indonesia
94%
Italy
94%
Japan
94%
Kosovo
94%
Liechtenstein
94%
Macedonia
94%
Maldives
94%
Netherlands
94%
New Zealand
94%
Nicaragua
94%
North Korea
94%
Norway
94%
Pakistan
94%
Palestine
94%
Poland
94%
Portugal
94%
Romania
94%
Russia
94%
San Marino
94%
Slovakia
94%
Slovenia
94%
South Korea
94%
Sweden
94%
Switzerland
94%
Timor-Leste
94%
Turkey
94%
Turkmenistan
94%
Ukraine
94%
United States of America
94%
Vietnam
94%
Antigua and Barbuda
88%
Argentina
88%
Armenia
88%
Azerbaijan
88%
Bolivia
88%
Bosnia and Herzegovina
88%
Brazil
88%
Brunei
88%
Bulgaria
88%
Chile
88%
Chinese Taipei
88%
Colombia
88%
Denmark
88%
Ecuador
88%
Estonia
88%
Fiji
88%
Georgia
88%
Germany
88%
Guatemala
88%
Honduras
88%
Iran
88%
Iraq
88%
Ireland
88%
Kiribati
88%
Kuwait
88%
Laos
88%
Latvia
88%
Lithuania
88%
Luxembourg
88%
Mexico
88%
Moldova
88%
Monaco
88%
Mongolia
88%
Montenegro
88%
Nepal
88%
Paraguay
88%
Peru
88%
Saudi Arabia
88%
Serbia
88%
Singapore
88%
Solomon Islands
88%
Spain
88%
Suriname
88%
Tajikistan
88%
Thailand
88%
United Arab Emirates
88%
Uzbekistan
88%
Yemen
88%
Bahamas
82%
Bangladesh
82%
Barbados
82%
Belize
82%
Bhutan
82%
Cambodia
82%
Cameroon
82%
Costa Rica
82%
Cuba
82%
Cyprus
82%
Czech Republic
82%
Egypt
82%
El Salvador
82%
Eritrea
82%
Federated States of Micronesia
82%
Gambia
82%
Ghana
82%
Guyana
82%
Israel
82%
Jordan
82%
Kazakhstan
82%
Madagascar
82%
Malaysia
82%
Malta
82%
Myanmar
82%
Nauru
82%
Oman
82%
Panama
82%
Papua New Guinea
82%
Qatar
82%
Saint Kitts and Nevis
82%
Saint Lucia
82%
Saint Vincent and the Grenadines
82%
Seychelles
82%
South Africa
82%
Sri Lanka
82%
Syria
82%
Tanzania
82%
Tonga
82%
Trinidad and Tobago
82%
Uruguay
82%
Vanuatu
82%
Venezuela
82%
Zambia
82%
Algeria
76%
Angola
76%
Bahrain
76%
Botswana
76%
Comoros
76%
Djibouti
76%
Dominica
76%
Dominican Republic
76%
Gabon
76%
Haiti
76%
Jamaica
76%
Kenya
76%
Kyrgyzstan
76%
Lebanon
76%
Libya
76%
Mali
76%
Marshall Islands
76%
Mozambique
76%
Namibia
76%
Niger
76%
Palau
76%
Rwanda
76%
Samoa
76%
Senegal
76%
Somalia
76%
South Sudan
76%
Sudan
76%
Swaziland
76%
Tunisia
76%
Tuvalu
76%
Zimbabwe
76%
Burundi
71%
Cape Verde
71%
Central Africa
71%
Chad
71%
Democratic Republic of the Congo
71%
Equatorial Guinea
71%
Grenada
71%
Guinea
71%
Lesotho
71%
Liberia
71%
Malawi
71%
Mauritania
71%
Nigeria
71%
Philippines
71%
Republic of the Congo
71%
Sao Tome and Principe
71%
Sierra Leone
71%
Uganda
71%
Benin
65%
Burkina Faso
65%
Ethiopia
65%
Guinea-Bissau
65%
Mauritius
65%
Togo
65%
British Virgin Islands
59%
Ivory Coast
59%
Morocco
59%
American Samoa
53%
Aruba
53%
Hong Kong
53%
Puerto Rico
53%
United States Virgin Islands
53%
Bermuda
47%
Guam
47%
Cayman Islands
41%
Cook Islands
24%
No matching quizzes found
Score Distribution
Percent of People with Each Score
Percentile by Number Answered
Your Score History
You have not taken this quiz since the last reset